000 00974cam a2200301 a 4500
001 2088072
003 OSt
005 20140310181634.0
008 951207s1997 mau b 000 0 eng
010 _a 95026769
020 _a0205195687
040 _aDLC
_cDLC
_dDLC
050 0 0 _aLB 1590.5
_b.B141 1997
082 0 0 _aTR 370.15
_bB34 1997
100 1 _aBaer, John.
245 1 0 _aCreative teachers, creative students /
_cJohn Baer.
260 _aBoston :
_bAllyn and Bacon,
_cc1997.
300 _axii, 173 p. ;
_c24 cm.
500 _aIncludes bibliographical references.
520 _a1. Creativity--study and teaching
521 _aFaculty
541 _j1
562 _eFor circulation one copy in the collection
650 0 _aCreative ability
_xStudy and teaching.
906 _a7
_bcbc
_corignew
_d1
_eocip
_f19
_gy-gencatlg
942 _2lcc
_cBK-TR
_kTR
999 _c632
_d632